| 000 | 00466nam a2200181Ia 4500 | ||
|---|---|---|---|
| 008 | 240925s9999 xx 000 0 und d | ||
| 020 | _a60446413 | ||
| 082 | _a624.171 MCC | ||
| 100 | _aSack, Ronald L | ||
| 245 | 0 | _aSolution Manual to Accompany Structural Analysis | |
| 250 | _aNA | ||
| 260 |
_aNew York: _bHarpper and Row _c,1984. |
||
| 300 |
_a112p. _bNA _fOriginal |
||
| 500 | _aNA | ||
| 600 | _aElectronic Engineering | ||
| 650 | _aTechnology | ||
| 942 | _cBK | ||
| 999 |
_c3782 _d3782 |
||